| 000 | 00867nam a22002172a 4500 | ||
|---|---|---|---|
| 040 | _cNSHS | ||
| 082 |
_a510 _bAHM |
||
| 100 | 1 |
_aAhmad, Bashir _928792 |
|
| 245 |
_aUniversity mathematics: _bfor B. Pharmacy, Chemistry, Economics, Education Intermediate Computer Science Students / _cby Dr Bashir Ahmad, Dr Moizuddin Khan. |
||
| 250 | _aSeventh edition | ||
| 260 |
_aMultan: _bIdea Publishers, _c2022 |
||
| 300 |
_a(viii), [288 pages]: _billustrations |
||
| 546 | _aIn English. | ||
| 650 | 0 |
_aMathematics _xStudy and teaching _939014 |
|
| 650 | 0 |
_aMathematics _xProblems, exercises, etc. _939058 |
|
| 650 | 0 |
_aMathematics _xTextbooks _9130293 |
|
| 650 | 0 |
_aMathematics _xPopular works _932521 |
|
| 700 | 3 |
_aKhan, Moizuddin _9130294 |
|
| 942 |
_2ddc _cBK |
||
| 999 |
_c614518 _d614518 |
||